000 01307nam a2200337 a 4500
001 ebr10236818
003 CaPaEBR
006 m u
007 cr cn|||||||||
008 080903s2002 enka sb 001 0 eng d
020 _z9781859573624
020 _z9781847350503
020 _z1859573622
040 _aCaPaEBR
_cCaPaEBR
035 _a(OCoLC)568032802
050 1 4 _aTA668
_b.H35 2002eb
100 1 _aHalliwell, S. M.
245 1 0 _aPolymers in building and construction
_h[electronic resource] /
_cS.M. Halliwell.
260 _aShawbury, U.K. :
_bRapra Technology Ltd.,
_c2002.
300 _a136 p. :
_bill.
490 1 _aRapra review reports. Report 154,
_x0889-3144 ;
_vv. 13, no. 10
504 _aIncludes bibliographical references and index.
533 _aElectronic reproduction.
_bPalo Alto, Calif. :
_cebrary,
_d2011.
_nAvailable via World Wide Web.
_nAccess may be limited to ebrary affiliated libraries.
650 0 _aPlastics in building.
650 0 _aConstruction equipment.
650 0 _aPolymers.
655 7 _aElectronic books.
_2local
710 2 _aebrary, Inc.
830 0 _aRapra review reports.
_nReport 154 ;
_vv. 13, no. 10.
856 4 0 _uhttp://site.ebrary.com/lib/rucke/Doc?id=10236818
_zAn electronic book accessible through the World Wide Web; click to view
999 _c37093
_d37093